000 00844cab a2200253 4500
001 WB2927-21
008 090401t1993 xxu||||| |||| 00| 0 eng d
035 _a(Sirsi) u72130
041 _aeng
245 _aBreaking down barriers
260 _c1993
350 _a0
490 _aRICS Press Release
_v(PR146/93) 8 July 1993,
490 _aDOE Press Release
_v(465) 8 July 1993 (5)
520 _aSummarises key points of the RICS "Housing the Nation - choice and affordability" seminar assessing the future of housing stock. Confirms Government commitment to affordable housing.
650 _aAffordable housing
_96215
650 _aINVESTMENT
650 _aLEASEHOLD REFORM, HOUSING AND URBAN DEVELOPMENT ACT 1993
650 _aPRIVATE RENTED SECTOR
650 _aRICS
690 _aHOUSING
942 _n0
948 _c04/03/1997
999 _c45522
_d45522